000 00375nam a22001697a 4500
003 NUST
020 _a9783540713425
038 _aKhadija
082 _a620.106
_bDUR
100 _aDurst, Franz
_98469
245 _aFluid Mechanics
260 _aNew York:
_bSpringer;
_c2008.
300 _a723p, ;
_b10 cm.
500 _aHardcover.
563 _ahardcover
942 _cBK
_2ddc
999 _c32460
_d32460